01753nam a2200361Ia 4500001001200000003000800012006001900020007001500039008004100054020001500095020002400110040002100134035002100155050002700176111009900203245023400302246009000536260005300626300002900679500010400708504005100812533015200863650003901015650002801054655002901082700002901111700002001140710002301160710001701183711004801200856012601248999001701374ebr10320345CaPaEBRm u cr cn|||||||||080107s2007 ohua sb 101 0 eng d z0871708566 z9780871708564 (hbk) aCaPaEBRcCaPaEBR a(OCoLC)64782820714aTN689.2b.I5397 2007eb2 aInternational Conference on Surface Modification Technologyn(20th :d2006 :cVienna, Austria)10aSurface modification technologiesh[electronic resource] :bproceedings of the 20th International Conference on Surface Modification Technologies, September 25-29, 2006, Vienna, Austria /cedited by T.S. Sudarshan, J.J. Stiglich.30aProceedings of the 20th International Conference on Surface Modification Technologies aMaterials Park, OH :bASM International,cc2007. aviii, 146 p. [1] :bill. a"Sponsored by ASM International, International Surface Engineering Congress and Exposition" -- t.p. aIncludes bibliographical references and index. aElectronic reproduction.bPalo Alto, Calif. :cebrary,d2009.nAvailable via World Wide Web.nAccess may be limited to ebrary affiliated libraries. 0aSurfaces (Technology)vCongresses. 0aMetallurgyvCongresses. 7aElectronic books.2local1 aSudarshan, T. S.,d1955-1 aStiglich, J. J.2 aASM International.2 aebrary, Inc.2 aInternational Surface Engineering Congress.40uhttp://site.ebrary.com/lib/rucke/Doc?id=10320345zAn electronic book accessible through the World Wide Web; click to view c60849d60849